George M. Bibb papers, (Record no. 40188)

MARC details
000 -LEADER
fixed length control field 01016cpcaa2200289 4500
001 - CONTROL NUMBER
control field mm 79000189
003 - CONTROL NUMBER IDENTIFIER
control field DLC
005 - DATE AND TIME OF LATEST TRANSACTION
control field 20260227111628.0
008 - FIXED-LENGTH DATA ELEMENTS--GENERAL INFORMATION
fixed length control field 790117|||||||||||| eng
010 ## - LIBRARY OF CONGRESS CONTROL NUMBER
LC control number mm 79000189
040 ## - CATALOGING SOURCE
Original cataloging agency DLC
Transcribing agency DLC
Description conventions dacs
Modifying agency DLC
072 #7 - SUBJECT CATEGORY CODE
Subject category code N
Source lcmd
100 1# - MAIN ENTRY--PERSONAL NAME
Personal name Bibb, George M.,
Dates associated with a name 1776-1859.
245 00 - TITLE STATEMENT
Title George M. Bibb papers,
Inclusive dates 1844-1845.
300 ## - PHYSICAL DESCRIPTION
Extent 3
Type of unit items.
506 0# - RESTRICTIONS ON ACCESS NOTE
Terms governing access Open to research.
545 0# - BIOGRAPHICAL OR HISTORICAL DATA
Biographical or historical data U.S. secretary of the treasury, U.S. senator from Kentucky, and jurist.
546 ## - LANGUAGE NOTE
Language note Collection material in English.
580 ## - LINKING ENTRY COMPLEXITY NOTE
Linking entry complexity note Forms part of: Miscellaneous Manuscripts collection.
656 #7 - INDEX TERM--OCCUPATION
Occupation Cabinet officers.
Source of term itoamc
656 #7 - INDEX TERM--OCCUPATION
Occupation Jurists.
Source of term itoamc
656 #7 - INDEX TERM--OCCUPATION
Occupation Senators, U.S. Congress
Geographic subdivision Kentucky.
Source of term itoamc

No items available.

Powered by Koha